Parishyamulak manobijnan aru parishagarar byabaharik shisha/ (Record no. 11077)

MARC details
000 -LEADER
fixed length control field 00706nam a22002417a 4500
005 - DATE AND TIME OF LATEST TRANSACTION
control field 20201125123224.0
008 - FIXED-LENGTH DATA ELEMENTS--GENERAL INFORMATION
fixed length control field 201125b ||||| |||| 00| 0 eng d
020 ## - INTERNATIONAL STANDARD BOOK NUMBER
International Standard Book Number 9789385439445
040 ## - CATALOGING SOURCE
Original cataloging agency IN-DiNC
Transcribing agency IN-DiNC
041 ## - LANGUAGE CODE
Language code of sung or spoken text Assamese
082 ## - DEWEY DECIMAL CLASSIFICATION NUMBER
Item number SAI
Classification number 370.15
100 ## - MAIN ENTRY--PERSONAL NAME
Personal name Saikia, Tarun
Relator term Author
245 ## - TITLE STATEMENT
Title Parishyamulak manobijnan aru parishagarar byabaharik shisha/
Statement of responsibility, etc. by Tarun Saikia and Runu Bora Saikia
250 ## - EDITION STATEMENT
Edition statement 2nd rev. ed.
260 ## - PUBLICATION, DISTRIBUTION, ETC.
Place of publication, distribution, etc. Jotrhat:
Name of publisher, distributor, etc. Bidya bhawan,
Date of publication, distribution, etc. 2020
300 ## - PHYSICAL DESCRIPTION
Extent 399p.
650 ## - SUBJECT ADDED ENTRY--TOPICAL TERM
Topical term or geographic name entry element Education
650 ## - SUBJECT ADDED ENTRY--TOPICAL TERM
Topical term or geographic name entry element Educational psychology
650 ## - SUBJECT ADDED ENTRY--TOPICAL TERM
Topical term or geographic name entry element Experimental psychology
650 ## - SUBJECT ADDED ENTRY--TOPICAL TERM
Topical term or geographic name entry element Laboratory practical
700 ## - ADDED ENTRY--PERSONAL NAME
Personal name Saikia, Runu Bora
Relator term Author
942 ## - ADDED ENTRY ELEMENTS (KOHA)
Source of classification or shelving scheme Dewey Decimal Classification
Koha item type Books
Holdings
Withdrawn status Lost status Source of classification or shelving scheme Damaged status Not for loan Collection code Home library Current library Shelving location Date acquired Cost, normal purchase price Total Checkouts Full call number Barcode Date last seen Date last checked out Copy number Price effective from Koha item type Date due
    Dewey Decimal Classification     Education Central Library, Naharkatiya College Central Library, Naharkatiya College General Stacks 25/11/2020 320.00 35 SAI 28510 25/03/2026 09/02/2026 1 25/11/2020 Books  
    Dewey Decimal Classification     Education Central Library, Naharkatiya College Central Library, Naharkatiya College General Stacks 25/11/2020 320.00 24 SAI 28511 03/10/2023 22/09/2023 2 25/11/2020 Books  
    Dewey Decimal Classification     Education Central Library, Naharkatiya College Central Library, Naharkatiya College General Stacks 25/11/2020 320.00 41 SAI 28512 07/04/2026 26/03/2026 3 25/11/2020 Books  
    Dewey Decimal Classification     Education Central Library, Naharkatiya College Central Library, Naharkatiya College General Stacks 25/11/2020 320.00 35 SAI 28513 13/03/2025 13/03/2025 4 25/11/2020 Books 02/04/2025

Naharkatiya College © 2020. All rights reserved.

Powered By